Paesi nominati nella pagina Wikipedia della Russia - Statistics

Statistiche generali
  • Questo quiz è stato fatto 83 volte
  • Il punteggio medio è 23 su 27
Statistiche sulle risposte
Volte in cui viene nominato Indizio (basato sul motivo per cui lo stato è nominato nella pagina Wikipedia) Paese % Corretto
5 Paese confinante Ucraina
100%
6 Paese confinante Cina
99%
6 Potenza rivale dell'URSS durante la Guerra Fredda Stati Uniti
99%
2 Paese confinante Estonia
97%
1 Paese confinante Lettonia
97%
6 Paese confinante Polonia
97%
1 Paese confinante Finlandia
96%
2 Paese confinante Lituania
96%
3 Paese confinante Bielorussia
94%
1 Paese confinante Mongolia
94%
3 Paese che invase la Russia nel 1941 Germania
93%
1 Paese confinante Kazakistan
93%
1 Paese confinante Georgia
90%
4 Paese con cui la Russia condivide un confine marittimo Giappone
90%
3 Paese confinante Corea del Nord
88%
5 Paese che invase la Russia nel 1812 Francia
88%
1 Paese sconfitto dalla Russia nella Guerra del Nord Svezia
88%
1 Paese in cui gli USA posizionarono dei missili atomici, scatenando una gravissima crisi diplomatica con l'URSS negli anni '60 Turchia
88%
1 Paese confinante Norvegia
84%
3 Paese alleato dell'URSS durante la Seconda Guerra Mondiale Regno Unito
84%
1 Paese confinante Azerbaigian
81%
1 Paese alleato, per la cui difesa la Russia entrò nella Prima Guerra Mondiale Serbia
75%
2 Paese invaso dall'URSS nel 1979 Afghanistan
67%
4 Paese strettamente alleato dell'URSS durante la Guerra Fredda Cuba
64%
1 Paese che la Russia liberò dal giogo ottomano Bulgaria
61%
1 La Russia è il nono paese per popolazione, l'undicesimo è questo stato Messico
43%
1 Quello russo è il secondo sistema fiscale più attraente per singoli al mondo, dopo quello di questo paese Emirati Arabi Uniti
16%
Nessun quiz corrispondente trovato
Distribuzione punteggi
Percentuale di utenti per punteggio
Percentile per numero di risposta
I tuoi punteggi nel tempo
Non hai fatto questo quiz